Govt. of
Madhya Pradesh

Modern Strategic Thought (Record no. 16002)

MARC details
000 -LEADER
fixed length control field 005060000a22001930004500
001 - CONTROL NUMBER
control field 004111
003 - CONTROL NUMBER IDENTIFIER
control field MACL
005 - DATE AND TIME OF LATEST TRANSACTION
control field 20150731114538.0
008 - FIXED-LENGTH DATA ELEMENTS--GENERAL INFORMATION
fixed length control field 150731b xxu||||| |||| 00| 0 eng d
040 ## - CATALOGING SOURCE
Original cataloging agency MACL
Transcribing agency MACL
041 ## - LANGUAGE CODE
Language code of text/sound track or separate title English
082 ## - DEWEY DECIMAL CLASSIFICATION NUMBER
Classification number 350/ADH
100 ## - MAIN ENTRY--PERSONAL NAME
Personal name Adhikali, shekhar
9 (RLIN) 3654
245 ## - TITLE STATEMENT
Title Modern Strategic Thought
Statement of responsibility, etc. shekhar Adhikali
260 ## - PUBLICATION, DISTRIBUTION, ETC. (IMPRINT)
Place of publication, distribution, etc. New Delhi
Date of publication, distribution, etc. 2004
Name of publisher, distributor, etc. Kilaso Books,
350 ## - PRICE (NR) (BK AM CF MU VM SE) [OBSOLETE]
Price 790
650 ## - SUBJECT ADDED ENTRY--TOPICAL TERM
Topical term or geographic name as entry element Public Administration & Military Science
9 (RLIN) 3623
942 ## - ADDED ENTRY ELEMENTS (KOHA)
Call number prefix 350
Koha item type Books
Source of classification or shelving scheme
Holdings
Withdrawn status Lost status Source of classification or shelving scheme Damaged status Not for loan Home library Current library Date acquired Cost, normal purchase price Total Checkouts Total Renewals Full call number Barcode Date last seen Date last checked out Uniform Resource Identifier Price effective from Koha item type
          MACL MACL 15/04/2015 790.00 2 1 350/ADH CRE015465 02/05/2024 16/05/2017 15906 15/04/2015 Books